00000000nam##2200000za#4500
0019.579923
003CaOODSP
00520210624190807
007cr |||||||||||
008150406|2002||||xxc|||||o    f|0| 0 eng|d
022 |a1488-5387
040 |aCaOODSP|beng
043 |an-cn---
0861 |aFs97-4/2596E-PDF
1101 |aCanada. |bDepartment of Fisheries and Oceans.
24510|aOverview of commercial fishing in Gilbert Bay, Labrador - Fish harvesters local knowledge and biological observations / |h[electronic resource]|cby C.J. Morris, J.M. Simms, and T.C. Anderson.
260 |aSt. John's - Newfoundland and Labrador : |bFisheries and Oceans Canada |c2002.
300 |a46p.|bfigs., references, tables
4901 |aCanadian manuscript report of fisheries and aquatic sciences|x1488-5387|vNo. 2596
500 |aOn t. p. : Science, Oceans and Environment, St. John's Newfoundland. The catalogue number and ISSN for the print edition appear in the PDF version.
546 |a(Résumés en français)
590 |a14-13-Supp|b2014-06-23
7201 |aMorris, C. J.
7201 |aSimms, J. M.
7201 |aAnderson, T. C.
830#0|aCanadian manuscript report of fisheries and aquatic sciences,|x1488-5387|vNo. 2596|w(CaOODSP)9.505211
85640|ahttp://publications.gc.ca|qPDF|s1151 KB|uhttps://publications.gc.ca/collections/collection_2014/mpo-dfo/Fs97-4-2596-eng.pdf|yNo. 2596